Lie To Me - 5 Seconds of Summer (All Lyrics) - Statistics

General Stats
  • This quiz has been taken 831 times
  • The average score is 207 of 235
Answer Stats
Lie To Me % Correct
Verse 1 I
100%
to
99%
you
99%
You
99%
me
97%
Li
95%
li
95%
lie
95%
Lie
95%
your
95%
but
93%
too
93%
know
92%
love
92%
If
91%
we
91%
hope
90%
new
90%
New
90%
that
90%
ask
89%
look
89%
never
89%
wish
89%
don't
88%
forget
88%
happy
88%
hard
88%
met
88%
Cause
87%
dress
87%
you're
87%
And
86%
and
86%
Chorus Now
86%
saw
86%
York
86%
City
85%
up
85%
off
84%
so
84%
with
84%
back
83%
cleaning
83%
I'm
83%
looking
83%
mess
83%
taking
83%
he's
81%
right
81%
brand
80%
Pre-Chorus Flashing
80%
it
80%
It
80%
stay
80%
didn't
79%
the
78%
this
78%
twice
78%
overnight
77%
While
77%
then
76%
am
75%
got
72%
ain't
71%
caught
71%
Verse 2 It's
71%
3
69%
be
68%
flights
64%
Changing
63%
see
63%
Remember
62%
testing
62%
moonlight's
61%
thinking
60%
won't
60%
can
59%
make
57%
had
56%
thought
56%
was
54%
dawn
49%
til'
48%
Problem
46%
Singing
35%
No matching quizzes found
Score Distribution
Percent of People with Each Score
Percentile by Number Answered
Your Score History
You have not taken this quiz